000 00663nam a22002057a 4500
999 _c17511
_d17511
003 AR-CdUCM
008 190508b ||||| |||| 00| 0 spa d
040 _aMUNICIPALIDAD PROVINCIAL DEL CUSCO
_cBIBLIOTECA MUNICIPAL DEL CUSCO
082 _a947.084 /
_bL99
100 _aAyuso, Manuel Hilario
_937559
245 _aLa Rusia Soviética /
260 _aMadrid :
_bHernando,
_c1929.
300 _a312 páginas ;
_c18 cm.
505 _aContenido : La fisionomía exterior -- La industria -- El comercio -- El mundo agrícola ...
650 _aRusia
_9499
650 _aHistoria
_9136
650 _aSociedad
_953
942 _2ddc
_cLIBROS
945 _arah
_d08/05/2019